| 000 | 00407nam a2200145Ia 4500 | ||
|---|---|---|---|
| 008 | 100122s9999 xx 000 0 und d | ||
| 082 |
_b30142 _a823.08 |
||
| 100 | _aQUILLERCOUCH ARTHUR | ||
| 245 | _aTHE KINGS TREASURIES OF LITERATURE | ||
| 260 |
_bDENT & SONS CO _c1980 |
||
| 300 | _a192 | ||
| 630 | _aTHE KINGS TREASURIES OF LITERATURE | ||
| 730 | _aTHE KINGS TREASURIES OF LITERATURE | ||
| 942 | _cBOOK | ||
| 999 |
_c369546 _d369543 |
||